| 000 | 00392nam a2200145Ia 4500 | ||
|---|---|---|---|
| 008 | 211118s9999||||xx |||||||||||||| ||und|| | ||
| 082 |
_a894.812 3 _bMUK-N |
||
| 100 | _aMukundan, M | ||
| 245 | 0 | _aNruththam | |
| 260 |
_bD c Books _aKottayam _c2000 |
||
| 300 | _a115p. | ||
| 630 | _xMalayalam FictionGeneral Stack | ||
| 650 |
_aMalayalam LiteratuireMalayalam Novels _vGeneralia |
||
| 942 | _cBOOK | ||
| 999 |
_c98770 _d98770 |
||